[Event "Muensterland Verbandsliga 1112"]
[Site "Germany"]
[Date "2012.01.28"]
[Round "6.3"]
[White "Hunhoff, Sebastian"]
[Black "Darwisch, Khaled"]
[Result "0-1"]
[WhiteElo "1766"]
[BlackElo "2001"]
[PlyCount "100"]
[EventDate "2011.09.24"]
[EventType "team-tourn"]
[EventRounds "9"]
[EventCountry "GER"]
[SourceTitle "EXT 2013"]
[Source "ChessBase"]
[SourceDate "2012.11.22"]
[SourceVersion "1"]
[SourceVersionDate "2012.11.22"]
[SourceQuality "1"]
[WhiteTeam "Bocholt"]
[BlackTeam "Suedlohn"]
[WhiteTeamCountry "GER"]
[BlackTeamCountry "GER"]

1. c4 d6 2. Nc3 g6 3. e4 e5 4. g3 Bg7 5. Bg2 Ne7 6. Nge2 0-0 7. 0-0 Be6 8. d3 Qd7 9. Be3 Bh3 10. Nd5 Bxg2 11. Kxg2 Nxd5 12. cxd5 h6 13. Rc1 c5 14. dxc6 bxc6 15. d4 exd4 16. Bxd4 f6 17. Qb3+ Kh7 18. Rfd1 Qe7 19. Qd3 Re8 20. Nc3 Nd7 21. Be3 Bf8 22. f4 Rab8 23. b3 Nb6 24. Re1 Rbd8 25. Bf2 Qb7 26. h4 h5 27. Rcd1 Qf7 28. Qa6 Qc7 29. Bd4 Bg7 30. Na4 c5 31. Bf2 Qc6 32. Qxa7 Nc8 33. Qa5 Rxe4 34. Kh2 Rde8 35. Qd2 f5 36. Nc3 Rxe1 37. Rxe1 Rxe1 38. Bxe1 Ne7 39. Qe2 Qd7 40. a4 d5 41. Nb5 d4 42. Qd3 Nd5 43. Bd2 Nf6 44. b4 cxb4 45. Bxb4 Qd5 46. a5 Ng4+ 47. Kg1 Ne3 48. Qe2 Qe4 49. Bd2 Qb1+ 50. Kh2 Nf1+ 0-1

[Event "Muensterland op 28th"]
[Site "Senden"]
[Date "2010.10.18"]
[Round "4"]
[White "Kotainy, Jens"]
[Black "Darwisch, Khaled"]
[Result "1-0"]
[WhiteElo "2343"]
[BlackElo "2049"]
[PlyCount "113"]
[EventDate "2010.10.16"]
[EventType "swiss"]
[EventRounds "9"]
[EventCountry "GER"]
[SourceTitle "CBM 138 Extra"]
[Source "ChessBase"]
[SourceDate "2010.10.29"]
[SourceVersion "1"]
[SourceVersionDate "2010.10.29"]
[SourceQuality "1"]

1. e4 c5 2. Nc3 Nc6 3. f4 d6 4. Nf3 g6 5. Bc4 h6 6. 0-0 Bg4 7. d3 e6 8. Be3 Nf6 9. e5 d5 10. exf6 d4 11. Bd2 dxc3 12. Bxc3 Qc7 13. h3 Bxf3 14. Qxf3 0-0-0 15. a4 Bd6 16. a5 a6 17. Qf2 g5 18. f5 e5 19. Rae1 Rhg8 20. Qf3 h5 21. Qxh5 Rdf8 22. Bd2 Rh8 23. Qg4 Rh4 24. Qxg5 Rfh8 25. Bc3 Bf8 26. Re4 R4h5 27. Qg3 Bd6 28. Rf2 Nd4 29. Bd5 Kb8 30. Qg4 R5h7 31. Re3 Rh4 32. Qd1 Qd8 33. Bxf7 Qxf6 34. Bd5 Qg5 35. Bd2 Qf6 36. c3 Nb5 37. Rg3 Ka7 38. Bg5 Qf8 39. Bxh4 Rxh4 40. Rg4 Rh8 41. Qb3 Qh6 42. c4 Qc1+ 43. Rf1 Qe3+ 44. Kh1 Rxh3+ 45. gxh3 Qxh3+ 46. Kg1 e4 47. Qc2 Nd4 48. Rg7 Qe3+ 49. Qf2 Ne2+ 50. Kg2 Nf4+ 51. Kh1 Qh3+ 52. Kg1 Nxd5 53. cxd5 Qxd3 54. f6 e3 55. Qf3 Qd4 56. Qe2 Qe5 57. Rg2 1-0

[Event "Muensterland Verbandsliga 0910"]
[Site "Germany"]
[Date "2010.05.08"]
[Round "9.4"]
[White "Gscheidmeyer, Hans Jochen"]
[Black "Darwisch, Khaled"]
[Result "0-1"]
[WhiteElo "2137"]
[BlackElo "1879"]
[PlyCount "56"]
[EventDate "2009.09.26"]
[EventType "team-tourn"]
[EventRounds "9"]
[EventCountry "GER"]
[SourceTitle "EXT 2011"]
[Source "ChessBase"]
[SourceDate "2010.11.26"]
[SourceVersion "1"]
[SourceVersionDate "2010.11.26"]
[SourceQuality "1"]
[WhiteTeam "Heiden"]
[BlackTeam "Ahaus Wessum"]
[WhiteTeamCountry "GER"]
[BlackTeamCountry "GER"]

1. c4 Nf6 2. Nc3 e6 3. d4 d5 4. Bg5 Be7 5. e3 0-0 6. Qc2 c6 7. cxd5 exd5 8. Bd3 h6 9. Bh4 Nh5 10. Bxe7 Qxe7 11. 0-0-0 a5 12. h3 b5 13. g4 Nf6 14. Nf3 Na6 15. Ne5 Nb4 16. Qe2 Nxd3+ 17. Nxd3 b4 18. Na4 Ba6 19. Qc2 Bxd3 20. Rxd3 Ne4 21. Kb1 Qf6 22. f4 Qh4 23. Rc1 Qxh3 24. Qxc6 Rac8 25. Qxd5 Nf2 26. Rd2 Qxe3 27. Qf5 Rxc1+ 28. Kxc1 Ne4 0-1

[Event "Muensterland Verbandsliga 0809"]
[Site "Germany"]
[Date "2009.03.21"]
[Round "8.3"]
[White "Darwisch, Khaled"]
[Black "Korth, Daniel"]
[Result "0-1"]
[WhiteElo "1885"]
[BlackElo "2205"]
[PlyCount "116"]
[EventDate "2008.09.20"]
[EventType "team-tourn"]
[EventRounds "9"]
[EventCountry "GER"]
[SourceTitle "EXT 2010"]
[Source "ChessBase"]
[SourceDate "2010.11.25"]
[SourceVersion "1"]
[SourceVersionDate "2010.11.25"]
[SourceQuality "1"]
[WhiteTeam "Ahaus Wessum"]
[BlackTeam "Muenster SK II"]
[WhiteTeamCountry "GER"]
[BlackTeamCountry "GER"]

1. e4 e5 2. d3 Nf6 3. g3 c6 4. h3 g6 5. Bg2 Bg7 6. Ne2 d5 7. Nd2 Be6 8. f4 dxe4 9. dxe4 Qc8 10. fxe5 Nfd7 11. Nf4 Nxe5 12. 0-0 0-0 13. Qe2 Re8 14. c3 Nbd7 15. Nxe6 Rxe6 16. Nb3 Re8 17. Bf4 Nf8 18. Rad1 Qc7 19. Nd4 a5 20. Qe3 a4 21. Rf2 Nfd7 22. Kh2 Nb6 23. Bh6 Nbc4 24. Qg5 Qe7 25. Qc1 Bxh6 26. Qxh6 f6 27. b3 axb3 28. axb3 Nd6 29. Rdf1 Rf8 30. Qe3 Kg7 31. c4 Ne8 32. g4 h6 33. Qg3 Nc7 34. h4 Ne6 35. Nxe6+ Qxe6 36. Bh3 g5 37. h5 Rad8 38. Rf5 Qd6 39. Kh1 Qd3 40. Qh2 Qc3 41. Bg2 Rd2 42. Qh3 Qxh3+ 43. Bxh3 Rd3 44. Kh2 Rxb3 45. Rd1 Rc3 46. Rd6 Rxc4 47. Bf1 Rc3 48. Kg1 b5 49. Be2 b4 50. Bd1 b3 51. Rf2 c5 52. Rb2 c4 53. Be2 Ra8 54. Rb6 Ra7 55. Rd2 Rc2 56. Rdd6 Rxe2 57. Rxf6 Ra1+ 58. Rf1 Nf3+ 0-1

[Event "Muensterland Verbandsliga 0809"]
[Site "Germany"]
[Date "2009.01.10"]
[Round "5.2"]
[White "Darwisch, Khaled"]
[Black "Hiller, Simon"]
[Result "0-1"]
[WhiteElo "1885"]
[BlackElo "1983"]
[PlyCount "64"]
[EventDate "2008.09.20"]
[EventType "team-tourn"]
[EventRounds "9"]
[EventCountry "GER"]
[SourceTitle "EXT 2010"]
[Source "ChessBase"]
[SourceDate "2010.11.25"]
[SourceVersion "1"]
[SourceVersionDate "2010.11.25"]
[SourceQuality "1"]
[WhiteTeam "Ahaus Wessum"]
[BlackTeam "Saerbeck"]
[WhiteTeamCountry "GER"]
[BlackTeamCountry "GER"]

1. e4 c5 2. d3 Nc6 3. g3 g6 4. Bg2 Bg7 5. Ne2 e6 6. 0-0 Nge7 7. c3 0-0 8. f4 Qc7 9. g4 f5 10. gxf5 gxf5 11. Ng3 b6 12. Nh5 Rf7 13. Kh1 Ba6 14. Rg1 Kh8 15. Be3 Ng6 16. exf5 exf5 17. Bd5 Bb7 18. Nd2 Nce5 19. c4 Bxd5+ 20. cxd5 Ng4 21. Rxg4 fxg4 22. Qxg4 Qd6 23. Qg2 Nh4 24. Qg5 Nf5 25. Ne4 Qxd5 26. Re1 Qxd3 27. Bf2 Qf3+ 28. Kg1 Bh6 29. Qg2 Rg8 30. Nhg3 Nh4 31. Qh3 Rxf4 32. b4 Rxe4 0-1

[Event "Muensterland Verbandsliga 0809"]
[Site "Germany"]
[Date "2008.09.20"]
[Round "1.2"]
[White "Kolakovic, Klaudio"]
[Black "Darwisch, Khaled"]
[Result "1-0"]
[WhiteElo "2052"]
[BlackElo "1885"]
[PlyCount "49"]
[EventDate "2008.09.20"]
[EventType "team-tourn"]
[EventRounds "9"]
[EventCountry "GER"]
[SourceTitle "EXT 2010"]
[Source "ChessBase"]
[SourceDate "2010.11.25"]
[SourceVersion "1"]
[SourceVersionDate "2010.11.25"]
[SourceQuality "1"]
[WhiteTeam "Stadtlohn"]
[BlackTeam "Ahaus Wessum"]
[WhiteTeamCountry "GER"]
[BlackTeamCountry "GER"]

1. d4 g6 2. e4 Bg7 3. Nc3 c6 4. Be3 d5 5. e5 h5 6. Bd3 Nh6 7. Nf3 Bg4 8. h3 Bxf3 9. Qxf3 e6 10. g4 h4 11. 0-0-0 Nd7 12. Qg2 Qb6 13. f4 0-0-0 14. Qf2 Bf8 15. Qxh4 Bb4 16. Qf2 Qa5 17. Kd2 Qxa2 18. Ke2 Bxc3 19. bxc3 Nb6 20. Ra1 Qb2 21. Rhb1 Qxc3 22. Bd2 Nxg4 23. hxg4 Rh2 24. Bxc3 Rxf2+ 25. Kxf2 1-0

[Event "Muensterland Verbandsklasse-A 0708"]
[Site "Germany"]
[Date "2008.02.16"]
[Round "6.2"]
[White "Wehling, Ulrich"]
[Black "Darwisch, Khaled"]
[Result "0-1"]
[WhiteElo "1650"]
[BlackElo "1885"]
[PlyCount "54"]
[EventDate "2007.09.22"]
[EventType "team"]
[EventRounds "9"]
[EventCountry "GER"]
[SourceTitle "EXT 2009"]
[Source "ChessBase"]
[SourceDate "2008.11.26"]
[SourceVersion "1"]
[SourceVersionDate "2008.11.26"]
[SourceQuality "1"]
[WhiteTeam "Muenster SK IV"]
[BlackTeam "Ahaus Wessum"]
[WhiteTeamCountry "GER"]
[BlackTeamCountry "GER"]

1. e4 c5 2. b4 e6 3. Nf3 Nf6 4. e5 Nd5 5. b5 d6 6. c4 Nc7 7. Bb2 d5 8. d4 dxc4 9. Bxc4 cxd4 10. 0-0 Bc5 11. Nbd2 b6 12. Ne4 Bb7 13. Qd3 Nd5 14. Nxc5 bxc5 15. Qe4 Qe7 16. Qg4 0-0 17. Ng5 Nd7 18. Rfe1 h6 19. Nf3 Rae8 20. Bc1 f5 21. Qg3 f4 22. Qg4 Nb4 23. Re2 Nb6 24. Nd2 f3 25. Re4 Bxe4 26. Nxe4 Nxc4 27. Qg6 Nxe5 0-1